Big East Logos - Statistics

General Stats
  • This quiz has been taken 70 times
  • The average score is 10 of 11
Answer Stats
Picture Answer % Correct
UConn
98%
Villanova
98%
St. John's
94%
Xavier
94%
Creighton
91%
Georgetown
91%
Marquette
89%
Butler
81%
Providence
79%
DePaul
77%
Seton Hall
72%
No matching quizzes found
Score Distribution
Percent of People with Each Score
Percentile by Number Answered
Your Score History
You have not taken this quiz